[Event "Marienbad Open IM2 2020"]
[Site "Marianske Lazne"]
[Date "2020.01.18"]
[Round "1.11"]
[White "Sharma Isha"]
[Black "Tancsa, Tamas"]
[Result "1-0"]
[WhiteElo "2169"]
[BlackElo "2193"]
[Annotator "TA"]
[PlyCount "39"]
[EventDate "2020.01.18"]
[EventType "tourn"]
[EventCountry "CZE"]
[SourceTitle "playchess.com"]
[Source "ChessBase"]
[SourceQuality "1"]

{[%evp 9,65,25,38,17,17,27,17,23,16,0,0,0,5,0,23,13,8,13,35,31,50,50,50,64,142,140,127,133,193,173,173,164,202,171,206,197,295,191,441,316,410,355,491,469,565,562,549,461,861,845,987,970,1262,1249,1182,1043,29991,29992]} 1. e4 e5 2. Nf3 Nc6 3. Bc4 Nf6 4. d3 h6 5. O-O d6 6. d4 {C55: Two Knights: 4 d3, 4 d4 exd4 5 e5 and Max Lange Attack} (6. c3 g6 7. a4 Bg7 8. Re1 O-O 9. Nbd2 Re8 10. Nf1 Be6 11. Ng3 d5 12. Bb5 Nd7 13. Bd2 a6 14. Bxc6 bxc6 {½-½ (41) Karjakin,S (2750)-Rapport,R (2747) Saint Louis 2019}) 6... Bg4 7. dxe5 dxe5 8. Nbd2 {The position is equal.} Qd7 $146 ({Predecessor:} 8... Bd6 9. c3 O-O 10. Be2 Nb8 11. Nc4 Re8 12. Qc2 Nbd7 13. Be3 Bc5 {½-½ (35) Cherniaiev,T (2112)-Vakulenko,A (2167) Lvov 2019}) 9. Bb5 Bd6 10. c3 O-O 11. h3 Bh5 12. Re1 a6 13. Ba4 b5 14. Bc2 Rad8 15. Nf1 Bc5 16. Qe2 g5 (16... Bb6 $14) 17. Ng3 $16 Bg6 18. a4 Rb8 (18... Bb6 $16 {was necessary.} 19. axb5 axb5 20. Qxb5 Nd4 21. Qxd7 Nxf3+ 22. gxf3 Rxd7) 19. axb5 axb5 20. b4 {Played: Ra1-a6} 1-0

[Event "Marienbad Open IM2 2020"]
[Site "Marianske Lazne"]
[Date "2020.01.18"]
[Round "1.12"]
[White "Marszalek, Maciej"]
[Black "Vetokhin, Savva"]
[Result "1/2-1/2"]
[WhiteElo "2314"]
[BlackElo "2113"]
[Annotator "TA"]
[PlyCount "82"]
[EventDate "2020.01.18"]
[EventType "tourn"]
[EventCountry "CZE"]
[SourceTitle "playchess.com"]
[Source "ChessBase"]
[SourceQuality "1"]

{[%evp 11,82,25,32,0,37,29,52,0,13,-3,1,-45,-28,-36,-2,-21,22,-14,5,0,0,0,21,21,13,-9,0,-16,0,-18,-16,-18,0,0,0,-8,0,0,0,0,0,-39,0,0,0,0,0,0,35,22,116,42,39,0,120,0,39,0,149,129,129,78,73,78,86,10,13,0,85,0,20,0,92]} 1. d4 Nf6 2. c4 e6 3. g3 d5 4. Nf3 dxc4 5. Bg2 a6 6. O-O Nc6 7. Qc2 {E04: Open Catalan: 5 Nf3} (7. Nbd2 b5 8. b3 Rb8 9. Bb2 cxb3 10. Nxb3 Be7 11. Rc1 Bb7 12. Ne1 Na7 13. Bxb7 Rxb7 14. Nd3 O-O {½-½ (41) Vidit,S (2722)-Nakamura,H (2741) Kolkata 2019}) 7... b5 8. Ne5 $1 {[%cal Re5c6]} Nxe5 ({Wrong is} 8... Nxd4 $2 9. Qd1 $18) 9. Bxa8 {White is slightly better.} Qxd4 10. Bf4 $146 ({Predecessor:} 10. Be3 Qd7 11. Rd1 Bd6 12. a4 {½-½ (12) Rajkovic,D (2490)-Velimirovic,D (2500) Subotica 1984}) 10... Bd6 11. Qc3 (11. a4 {keeps more tension.} Qb6 12. Nc3 Ned7 13. axb5 axb5 14. Be3) 11... Qxc3 $1 12. Nxc3 Ng6 13. Bg5 Be5 14. Bc6+ Ke7 15. Rfd1 h6 16. Be3 Bd7 17. Bxd7 Nxd7 18. Rd2 Nf6 19. Rad1 {Black should prevent Bc5+.} Bd6 20. Bd4 e5 21. Be3 Ke6 22. f3 Ne7 23. Bf2 Nc6 24. Kg2 Bb4 25. Rc2 Rb8 26. b3 Bxc3 (26... Na5 {with more complications.} 27. bxc4 Nxc4 28. Na4 Nd5 29. Kg1 f5) 27. Rxc3 Na5 28. Rcc1 Nd5 $1 29. e4 Nb6 (29... Nb4 $5 {[%cal Rb4a2]} 30. Be1 c5 $11) 30. f4 $36 {[%mdl 3072] White has compensation. White has some pressure.} Rb7 (30... Rc8 $11) 31. Be1 (31. bxc4 $16 Naxc4 32. Rd8) 31... Nc6 $14 32. Bf2 (32. f5+ $14 Kf6 33. bxc4 Nxc4 34. Bf2) 32... Na5 $1 $16 33. Be1 (33. bxc4 $16 Naxc4 34. Rd8) 33... Nc6 $14 34. Bf2 Nb4 (34... Na5 $1 $11) 35. f5+ $16 Kf6 36. Bxb6 (36. bxc4 $142 $1 {Hoping for Bxb6.} Nxa2 37. Rc2) 36... Rxb6 37. bxc4 Nxa2 {[#] KRR-KRN} 38. Rc2 ({White should play} 38. c5 $1 $16 {[%cal Rc5b6]} Rc6 39. Rc2) 38... Nb4 $11 39. Rcc1 (39. Rc3 $11 Nc6 40. cxb5 axb5 41. Rdc1) 39... Na2 $1 $16 {[%cal Ra2c1] [#]} 40. Rc2 (40. c5 $1 $16 {[%cal Rc5b6]} Rb8 41. Ra1) 40... Nb4 $11 41. Rcc1 (41. Rc3 $11 Nc6 42. cxb5 axb5 43. Rdc1) 41... Na2 $1 {Accuracy: White = 34%, Black = 51%.} 1/2-1/2

[Event "Marienbad Open IM2 2020"]
[Site "Marianske Lazne"]
[Date "2020.01.18"]
[Round "1.13"]
[White "Strebkovs, Andrejs"]
[Black "Jurek, Josef"]
[Result "1/2-1/2"]
[WhiteElo "2278"]
[BlackElo "2235"]
[Annotator "TA"]
[PlyCount "91"]
[EventDate "2020.01.18"]
[EventType "tourn"]
[EventCountry "CZE"]
[SourceTitle "playchess.com"]
[Source "ChessBase"]
[SourceQuality "1"]

{[%evp 23,91,2,18,0,30,26,87,83,94,95,89,91,93,91,90,68,70,73,79,66,86,87,77,80,89,70,84,68,75,58,87,82,98,63,70,77,81,80,108,58,77,52,52,58,64,43,52,40,57,35,36,37,178,81,287,49,34,58,52,0,0,0,0,0,0,0,0,0,0,0]} 1. d4 Nf6 2. c4 e6 3. Nf3 b6 4. g3 Ba6 5. b3 Bb4+ 6. Bd2 Be7 7. Bg2 c6 8. Bc3 d5 9. Ne5 Nfd7 10. Nxd7 Nxd7 11. Nd2 O-O 12. O-O Nf6 13. Re1 {E15: Queen's Indian: 4 g3 sidelines, 4 g3 Ba6 and 4 g3 Bb7 early deviations} Rb8 (13... c5 14. cxd5 Nxd5 15. Bb2 cxd4 16. Bxd4 Bb4 17. Qc2 Rc8 18. Qb2 Bc3 19. Bxc3 Nxc3 20. Ne4 Nxe4 21. Bxe4 {½-½ (61) Ponomariov,R (2739)-Ivanchuk,V (2739) Moscow 2009}) 14. e4 b5 (14... dxe4 $11 {keeps the balance.} 15. Nxe4 Bb7) 15. e5 $16 {White is better.} Nd7 {[%cal Rb5c4] [#]} 16. c5 $146 ({Predecessor:} 16. cxd5 cxd5 17. a3 b4 18. Bxb4 Bxb4 19. axb4 Qb6 20. Re3 Rfc8 21. Nf3 Rc6 {0-1 (50) Vokac,M (2523)-Berezjuk,S (2343) Pardubice 2000}) 16... b4 17. Bb2 Bd3 18. Nf1 Bg6 19. Ne3 f6 20. f4 fxe5 21. fxe5 Bg5 22. h4 Bxe3+ 23. Rxe3 Rb7 24. a3 bxa3 25. Rxa3 Qe7 26. Qe1 Bh5 27. b4 Bg4 28. Bc3 Qf7 29. Ra2 Qg6 30. Qa1 Qf5 31. Qf1 Qg6 32. Rf2 Rxf2 33. Qxf2 Nf8 34. Re1 Rf7 35. Qe3 $1 Qc2 36. Rf1 Rxf1+ 37. Bxf1 {Hoping for b5.} Bf5 (37... Ng6 $14) 38. Qd2 (38. b5 $18) 38... Qb1 $2 {[#]} (38... Qa4 $16) 39. Kf2 $2 ({Only move:} 39. b5 $1 $18 {[%mdl 512]}) 39... Ng6 $14 40. Qb2 {Qxb1 is the strong threat.} Qe4 41. h5 (41. Qe2 $14 Qb1 42. b5 cxb5 43. c6) 41... Nf4 $11 {The position is equal.} 42. gxf4 Qxf4+ 43. Kg1 Qe3+ 44. Kh2 $1 Qf4+ {[%mdl 64] Double Attack} 45. Kg1 Qe3+ 46. Kh2 $1 {Accuracy: White = 44%, Black = 40%.} 1/2-1/2

[Event "Marienbad Open IM2 2020"]
[Site "Marianske Lazne"]
[Date "2020.01.18"]
[Round "1.14"]
[White "Hilwerda, Jonas"]
[Black "Vatsal Singhania"]
[Result "0-1"]
[WhiteElo "2230"]
[BlackElo "2230"]
[Annotator "TA"]
[PlyCount "114"]
[EventDate "2020.01.18"]
[EventType "tourn"]
[EventCountry "CZE"]
[SourceTitle "playchess.com"]
[Source "ChessBase"]
[SourceQuality "1"]

{[%evp 18,114,35,0,0,-6,-6,-6,0,-6,0,-69,-71,-58,-52,-108,-49,-95,-47,-76,-83,-141,-134,-127,-110,-199,-180,-215,-184,-175,-185,-202,-126,-147,-101,-102,-81,-102,-8,-11,-18,-18,-24,-41,-14,-13,-14,-20,-21,-58,-28,-385,-381,-352,-358,-300,-125,-125,-125,-125,-125,-125,-125,-126,-128,-121,-118,-167,-149,-151,-130,-197,-204,-204,-201,-233,-235,-230,-232,-232,-233,-218,-208,-625,-636,-29975,-29976,-29975,-29976,-29977,-29976,-29974,-29975,-29977,-29978,-29978,-29979,-29981,-29982]} 1. e4 c5 2. Nf3 d6 3. d4 cxd4 4. Nxd4 Nf6 5. Nc3 Nc6 6. Bc4 Qb6 7. Nb3 a6 8. O-O e6 9. a4 Qc7 10. Be3 b6 {B57: Classical Sicilian: Sozin with 6...Qb6} 11. f3 Be7 12. Qd2 O-O {The position is equal.} 13. Qf2 Rb8 14. g4 $146 ({Better is} 14. Nc1 $11) ({Predecessor:} 14. Bd3 Nb4 15. Qg3 e5 16. Rfe1 Be6 17. Nd2 {0-1 (50) Cabrera Pino,A (2415)-Della Morte,P (2187) Yucay 2001}) 14... Nb4 $15 15. Bd3 Nd7 16. a5 (16. Nd4 $15) 16... b5 (16... bxa5 $1 $17 17. Nxa5 Ne5) 17. Rfc1 Nc5 18. Be2 Bb7 19. Nxc5 (19. Nd4 $142) 19... dxc5 $17 20. f4 Nc6 21. f5 {[#]} (21. Bf1 $17) 21... Nd4 $1 $19 {[%mdl 512]} 22. Bf3 (22. Bxd4 cxd4) 22... Nxf3+ 23. Qxf3 Rbd8 24. Bf4 Bd6 25. Bxd6 Qxd6 26. Rd1 Qe5 27. fxe6 fxe6 ({Black should play} 27... Rxd1+ $17 28. Rxd1 fxe6 {[%mdl 64] Discovered Attack}) 28. Rxd8 $11 Rxd8 29. Rf1 {Threatening mate with Qf7+.} Qc7 30. Ne2 Qe7 31. Ng3 Bc6 32. Qf4 h6 33. Qe5 Qd6 34. Qh5 $2 {[%mdl 8192]} (34. Qxd6 $11 {and White has nothing to worry.} Rxd6 35. Kg2) 34... Qd4+ $1 $19 35. Kg2 Bxe4+ {[%mdl 64] Double Attack} ({Stronger than} 35... Qxb2 36. Kh3 $11) 36. Kh3 {aiming for Qf7+.} Qe3 (36... Kh7 $19 {Hoping for ...Qe3.} 37. Nxe4 Qxe4) 37. Qf7+ $17 Kh7 {Strongly threatening ...Rd2.} 38. Qf2 Qxf2 39. Rxf2 {[%mdl 4096] Endgame KRB-KRN} Bg6 40. Re2 Rd6 41. c3 Kg8 42. Kg2 Kf7 43. Kf2 Rd5 44. h4 (44. Ke1 $17 {might work better.}) 44... b4 $1 $19 45. Nf1 Bd3 $1 46. Re3 Bxf1 47. Kxf1 {KR-KR} Rd1+ $1 48. Ke2 {[#]} Rb1 $1 49. Re5 Rxb2+ 50. Kd3 $2 (50. Kd1) 50... Rb3 51. Rxc5 {[#] and the idea Rc7+ leaves White hopeful.} Rxc3+ $1 {Black mates.} 52. Rxc3 bxc3 53. Kxc3 {KP-KP} e5 54. Kc4 Ke6 55. Kc5 g6 56. Kc4 Kd6 57. h5 g5 {Accuracy: White = 34%, Black = 72%.} 0-1

[Event "Marienbad Open IM2 2020"]
[Site "Marianske Lazne"]
[Date "2020.01.18"]
[Round "1.15"]
[White "Gorbatov, Alexej"]
[Black "Nguyen, Alex Dac-Vuong"]
[Result "1-0"]
[WhiteElo "2355"]
[BlackElo "2401"]
[Annotator "TA"]
[PlyCount "91"]
[EventDate "2020.01.18"]
[EventType "tourn"]
[EventCountry "CZE"]
[SourceTitle "playchess.com"]
[Source "ChessBase"]
[SourceQuality "1"]

{[%evp 9,91,-3,-1,-18,-4,-4,22,20,18,14,42,17,0,17,10,14,18,14,9,13,78,78,81,83,73,75,106,40,81,39,65,60,64,54,117,115,191,165,247,247,292,285,285,302,272,296,679,655,845,783,825,825,811,788,787,810,791,789,981,745,949,940,4694,933,1209,1079,1071,1020,1066,1105,935,870,757,756,29981,29982,29984,29985,29984,29984,29986,29987,29992,29993]} 1. Nf3 c5 2. c4 Nf6 3. d4 cxd4 4. Nxd4 e6 5. a3 Be7 (5... b6 6. Nb5 d6 7. Bf4 e5 8. Bg5 Bb7 9. Nd2 Nbd7 10. e4 Be7 11. Be2 O-O 12. O-O Nc5 13. f3 {0-1 (61) Usmanov,V (2450)-Tomashevsky,E (2705) St Petersburg 2018}) 6. Nc3 {A32: Symmetrical English: 2 Nf3 Nf6 3 d4 cxd4 4 Nxd4 e6} d5 7. Bf4 $146 ({Predecessor:} 7. cxd5 Nxd5 8. Nxd5 Qxd5 9. Qc2 Bd7 10. e3 Nc6 11. Nxc6 Bxc6 12. e4 Qxe4+ 13. Qxe4 Bxe4 {½-½ (56) De la Asuncion Ortiz,A (1774)-Corredor Rengifo,L (2095) Cartagena 2019}) 7... Nbd7 {[#] Hoping for ...e5.} 8. Ndb5 {Bc7 is the strong threat.The position is equal.} e5 9. cxd5 {aiming for d6.} Bc5 10. Bg3 a6 11. b4 axb5 12. bxc5 Qa5 13. Rc1 $1 {White wants to play e3.} Ne4 14. Qb3 Nexc5 (14... O-O $11 {remains equal.}) 15. Qb4 $16 ({Of course not} 15. Qxb5 Qxa3 16. Qb1 b6 $11) 15... Qxa3 16. Qxa3 Rxa3 17. Nxb5 Rb3 18. e3 (18. e4 $1 $16) 18... f6 19. Bc4 Rb4 20. O-O Nb6 21. Be2 Nba4 (21... Ne4 $14) 22. f4 $36 {[%mdl 2048] White has strong initiative.} e4 (22... exf4 $16 23. Rxf4 (23. Bxf4 Bd7 $16) 23... Rxf4 24. Bxf4 b6 25. Nd6+ Ke7) 23. f5 $18 Bd7 (23... h5 {might work better.} 24. Nd4 b6) 24. Bh5+ Ke7 25. Bd6+ {[%mdl 64] [#] Double Attack} Kd8 26. Nd4 {Threatens to win with Ne6+.} ({Inferior is} 26. Bxc5 Nxc5 27. Rxc5 Bxb5 $11) 26... b6 27. Ne6+ Bxe6 $2 (27... Kc8 28. Nxg7 Bb5) 28. dxe6 Rb3 29. Rfd1 {Strongly threatening Bf8+.} Rd3 30. Be2 Rxd6 31. Rxd6+ Ke7 32. Rc6 g6 33. g4 Rg8 34. Kh1 gxf5 35. gxf5 Rg5 36. Rg1 (36. Rd1 $142 Nd3 37. Bxd3 exd3 38. Rxd3) 36... Rxg1+ 37. Kxg1 {[%mdl 4096] Endgame KRB-KNN} Nc3 38. Bc4 N5a4 39. Rc7+ Ke8 40. Ra7 Nb2 41. Ba6 {And now Bb7 would win.} Nbd1 42. Bb7 {White mates.} Ke7 43. Bxe4+ Kd6 44. Bf3 Nxe3 45. e7 Nxf5 46. e8=Q {Accuracy: White = 74%, Black = 36%.} 1-0

[Event "Marienbad Open IM2 2020"]
[Site "Marianske Lazne"]
[Date "2020.01.19"]
[Round "2.11"]
[White "Tancsa, Tamas"]
[Black "Nguyen, Alex Dac-Vuong"]
[Result "0-1"]
[WhiteElo "2193"]
[BlackElo "2401"]
[Annotator "RC"]
[PlyCount "156"]
[EventDate "2020.01.18"]
[EventType "tourn"]
[EventCountry "CZE"]
[SourceTitle "playchess.com"]
[Source "ChessBase"]
[SourceQuality "1"]
[TimeControl "40/5400+30:1800+30"]

1. e4 {[%emt 0:00:00]} c5 {[%emt 0:00:00]} 2. Nf3 {[%emt 0:00:00]} e6 {[%emt 0:00:00]} 3. d4 {[%emt 0:00:15]} cxd4 {[%emt 0:00:00]} 4. Nxd4 {[%emt 0:00:10]} a6 {[%emt 0:00:00]} 5. c4 {[%emt 0:00:18]} Nf6 {[%emt 0:00:11]} 6. Nc3 {[%emt 0:00:32]} Bb4 {[%emt 0:00:07]} 7. Qf3 {[%emt 0:00:37]} Bxc3+ {[%emt 0:00:57]} 8. bxc3 {[%emt 0:00:28]} d6 {[%emt 0:00:26]} 9. Ba3 {[%emt 0:02:03]} O-O {[%emt 0:03:02]} 10. Nb3 {[%emt 0:05:57]} e5 {[%emt 0:02:25]} 11. Be2 {[%emt 0:06:50]} Qc7 {[%emt 0:12:01]} 12. Rd1 {[%emt 0:07:56]} Rd8 {[%emt 0:00:52]} 13. O-O {[%emt 0:00:51]} b6 {[%emt 0:15:19]} 14. Qe3 {[%emt 0:00:52]} Bb7 {[%emt 0:00:38]} 15. f3 {[%emt 0:01:12]} a5 {[%emt 0:12:58]} 16. g4 {[%emt 0:05:49]} Na6 {[%emt 0:00:49]} 17. Rd2 {[%emt 0:11:59]} Nc5 {[%emt 0:01:52]} 18. Rfd1 {[%emt 0:00:50]} Bc6 {[%emt 0:01:30]} 19. Nxc5 {[%emt 0:01:42]} dxc5 {[%emt 0:01:31]} 20. Bc1 {[%emt 0:04:38]} Ba4 {[%emt 0:01:33]} 21. Rxd8+ {[%emt 0:01:06]} Rxd8 {[%emt 0:00:05]} 22. Rxd8+ {[%emt 0:00:37]} Qxd8 {[%emt 0:00:02]} 23. Qd3 {[%emt 0:00:30]} Qxd3 {[%emt 0:04:05]} 24. Bxd3 {[%emt 0:00:18]} Ne8 {[%emt 0:06:15]} 25. f4 {[%emt 0:09:51]} Bd1 {[%emt 0:13:00]} 26. h3 {[%emt 0:09:40]} Nc7 {[%emt 0:03:47]} 27. fxe5 {[%emt 0:02:52]} Ne6 {[%emt 0:00:16]} 28. Kf2 {[%emt 0:00:14]} g5 {[%emt 0:00:34]} 29. Ke1 {[%emt 0:01:16]} Ba4 {[%emt 0:00:05]} 30. Be3 {[%emt 0:01:47]} Kg7 {[%emt 0:00:40]} 31. Kd2 {[%emt 0:02:30]} Kg6 {[%emt 0:01:17]} 32. Ke1 {[%emt 0:00:43]} h6 {[%emt 0:02:28]} 33. Kd2 {[%emt 0:02:20]} Kg7 {[%emt 0:01:44]} 34. Ke1 {[%emt 0:00:12]} Bd7 {[%emt 0:01:37]} 35. Ke2 {[%emt 0:01:59]} Nd8 {[%emt 0:06:24]} 36. Bf2 {[%emt 0:01:59]} Nc6 {[%emt 0:00:55]} 37. Bg3 {[%emt 0:01:03]} Be6 {[%emt 0:00:04]} 38. Ke3 {[%emt 0:00:15]} a4 {[%emt 0:03:36]} 39. a3 {[%emt 0:04:26]} Na5 {[%emt 0:00:11]} 40. Bh2 {[%emt 0:01:34]} Kf8 {[%emt 0:00:51]} 41. Bg3 {[%emt 0:30:53]} Ke7 {[%emt 0:30:13]} 42. Bh2 {[%emt 0:00:47]} Ke8 {[%emt 0:00:00]} 43. Bg3 {[%emt 0:00:00]} Kf8 {[%emt 0:00:00]} 44. Bh2 {[%emt 0:00:00]} Kg7 {[%emt 0:00:00]} 45. Bg3 {[%emt 0:00:00]} Kh7 {[%emt 0:00:00]} 46. Bh2 {[%emt 0:00:00]} Kg6 {[%emt 0:00:00]} 47. Be2 {[%emt 0:00:00]} Bxc4 {[%emt 0:00:00]} 48. e6 {[%emt 0:00:00]} fxe6 {[%emt 0:00:00]} 49. Bd3 {[%emt 0:00:00]} b5 {[%emt 0:05:57]} 50. Bd6 {[%emt 0:00:00]} Bxd3 {[%emt 0:00:04]} 51. Kxd3 {[%emt 0:00:00]} c4+ {[%emt 0:01:36]} 52. Kc2 {[%emt 0:00:00]} Nc6 {[%emt 0:00:27]} 53. Bc7 {[%emt 0:00:00]} h5 {[%emt 0:01:09]} 54. Kd2 {[%emt 0:00:00]} hxg4 {[%emt 0:00:44]} 55. hxg4 {[%emt 0:00:00]} Ne7 {[%emt 0:00:39]} 56. Ke3 {[%emt 0:00:00]} Nc6 {[%emt 0:00:03]} 57. Kd2 {[%emt 0:00:00]} Kf6 {[%emt 0:00:03]} 58. Bb6 {[%emt 0:00:00]} Ke5 {[%emt 0:00:28]} 59. Ke3 {[%emt 0:00:00]} Kf6 {[%emt 0:00:01]} 60. Kd2 {[%emt 0:00:00]} Ke5 {[%emt 0:01:11]} 61. Ke3 {[%emt 0:00:00]} Kd6 {[%emt 0:00:07]} 62. Ke2 {[%emt 0:00:00]} Ke7 {[%emt 0:01:46]} 63. Be3 {[%emt 0:04:02]} Kf6 {[%emt 0:00:11]} 64. Bb6 {[%emt 0:00:10]} Kf7 {[%emt 0:01:09]} 65. Bc7 {[%emt 0:01:51]} Ke7 {[%emt 0:01:06]} 66. Bb6 {[%emt 0:00:15]} Ne5 {[%emt 0:00:20]} 67. Be3 {[%emt 0:00:08]} Nxg4 {[%emt 0:00:04]} 68. Bxg5+ {[%emt 0:00:19]} Kd6 {[%emt 0:00:15]} 69. Bf4+ {[%emt 0:00:53]} Kc6 {[%emt 0:00:29]} 70. Kf3 {[%emt 0:00:40]} Nf6 {[%emt 0:00:05]} 71. Ke3 {[%emt 0:00:58]} Nd7 {[%emt 0:00:20]} 72. Kd4 {[%emt 0:03:09]} e5+ {[%emt 0:01:09]} 73. Bxe5 {[%emt 0:00:10]} Nxe5 {[%emt 0:00:01]} 74. Kxe5 {[%emt 0:00:13]} b4 {[%emt 0:00:03]} 75. cxb4 {[%emt 0:02:53]} c3 {[%emt 0:00:05]} 76. b5+ {[%emt 0:00:10]} Kxb5 {[%emt 0:00:09]} 77. Kd6 {[%emt 0:00:15]} c2 {[%emt 0:00:06]} 78. e5 {[%emt 0:00:04]} c1=Q 0-1

[Event "Marienbad Open IM2 2020"]
[Site "Marianske Lazne"]
[Date "2020.01.19"]
[Round "2.12"]
[White "Vatsal Singhania"]
[Black "Gorbatov, Alexej"]
[Result "1/2-1/2"]
[WhiteElo "2230"]
[BlackElo "2355"]
[Annotator "TA"]
[PlyCount "160"]
[EventDate "2020.01.18"]
[EventType "tourn"]
[EventCountry "CZE"]
[SourceTitle "playchess.com"]
[Source "ChessBase"]
[SourceQuality "1"]

{[%evp 10,160,30,27,81,28,24,20,25,20,20,5,25,8,30,26,38,31,54,33,36,39,45,42,51,33,53,21,59,63,76,38,80,67,91,87,102,87,194,20,90,101,98,85,100,98,96,87,94,85,86,89,108,109,107,103,105,102,118,50,129,128,123,127,109,79,70,62,62,61,66,18,18,25,23,18,27,25,25,27,84,86,100,85,121,118,115,112,124,137,89,0,0,0,0,0,0,6,6,6,6,6,6,6,8,0,0,0,0,0,0,0,0,0,0,0,0,0,0,0,0,0,0,0,0,0,0,0,0,0,0,0,0,0,0,0,0,0,0,0,0,0,0,0,0,0,0,0,0,0,0,0,0]} 1. e4 c6 2. d4 d5 3. Nc3 g6 4. h3 Bg7 5. Nf3 dxe4 6. Nxe4 Nh6 {B15: Caro-Kann: 3 Nc3: 3...g6 and 3...dxe4 4 Nxe4 Nf6 5 Nxf6+ exf6} (6... Nf6 $11 7. Nxf6+ Bxf6) (6... Nf6 7. Nxf6+ exf6 8. Bc4 O-O 9. O-O a5 10. a4 Nd7 11. Bf4 Nb6 12. Bb3 Nd5 13. Bh2 Be6 14. Re1 h5 15. Nd2 f5 16. c3 Bh6 17. Nc4 {1-0 (45) Nepomniachtchi,I (2773)-Wei,Y (2736) Moscow 2019}) 7. Bxh6 (7. c3 $16) 7... Bxh6 $11 8. Bc4 O-O 9. O-O Nd7 10. Bb3 $146 ({Predecessor:} 10. Re1 Nb6 11. Bb3 Nd5 12. Ne5 Bf5 13. h4 Qc7 14. Ng3 {1-0 (33) Esen,B (2570)-Gorbatov,A (2368) St Petersburg 2015}) 10... Bg7 (10... Nf6 $5 {[%cal Rf6e4]} 11. Re1 Nxe4 12. Rxe4 e6 $11) 11. Re1 Nf6 12. Qe2 Nxe4 13. Qxe4 Bf6 14. Ne5 Bf5 15. Qf4 Qd6 16. Rad1 Rad8 17. Qf3 Bd7 18. c4 {Strongly threatening Nxf7!} Be8 19. c5 Qc7 20. Qe4 Bg7 21. h4 Kh8 22. h5 gxh5 23. Nf3 Rd7 (23... f6 $16 {is a better defense.}) 24. Qf5 $2 ({White must play} 24. Ng5 $1 $18 {[%csl Gg5][%cal Re4h7]} f5 25. Qf3) 24... e6 (24... f6 $1 $11) 25. Qxh5 $16 Qf4 {[%cal Rg7d4]} 26. g3 Qh6 27. Qxh6 Bxh6 28. Ne5 Re7 29. Kg2 Bg7 30. Nc4 f5 31. Nd6 Bh5 32. f3 e5 33. dxe5 $1 Bxe5 34. Nc4 (34. Nxb7 $1 $16 {And now Nd8 would win.} Rfe8 35. Na5 Bxb2 36. Rxe7 Rxe7 37. Rd8+ (37. Nxc6 Re2+ 38. Kf1 Re3 $16) 37... Re8 38. Nxc6) 34... Rfe8 (34... Bf6 $14) 35. Nxe5 Rxe5 36. Rxe5 Rxe5 {[%mdl 4096] Endgame KRB-KRB} 37. Kf2 Re7 38. Bc2 Bg6 39. Rd6 Kg7 40. Bb3 Bf7 41. Bxf7 Kxf7 $11 {KR-KR} 42. b4 Kg7 43. a4 a6 44. Kg2 Kf7 {[#]} (44... Rf7 $11 {keeps the balance.}) 45. Kh3 $1 $16 Ke8 46. Rf6 Rf7 47. Re6+ Kf8 48. Kh4 Rd7 49. Rf6+ Kg7 {[#]} 50. Rd6 ({But not} 50. Rxf5 $6 Rd4+ 51. g4 Rxb4 $11) (50. Kg5 $1 $16) 50... Rxd6 $1 $11 {The position is equal.} 51. cxd6 {d7 is the strong threat. KP-KP} Kf6 {White must now prevent ...a5!} 52. a5 Ke6 53. Kg5 Kxd6 54. Kxf5 c5 $1 {[%cal Rc5b4]} 55. bxc5+ Kxc5 {K3P-K3P} 56. Ke6 {Hoping for f4.} b5 $1 {[%cal Rb5b4] Threatens to win with ...b4.} 57. axb6 Kxb6 {KPP-KPP} 58. f4 a5 59. f5 a4 60. f6 {Intending Kd5 and mate.} a3 61. f7 a2 62. f8=Q {White wants to mate with Qf2+.} a1=Q {KQ-KQ} 63. Qd6+ Kb5 64. Kf7 Qa7+ 65. Kf6 Kc4 66. Qe6+ Kd3 67. Qf5+ Ke2 68. g4 Qb7 69. Kg5 Qg7+ 70. Kh5 Ke3 71. g5 (71. Qe6+ {looks sharper.} Kf4 72. Kh4 Qg5+ 73. Kh3 h5 74. Qd6+) 71... Qc7 72. Kh6 Qh2+ 73. Kg7 Qc7+ 74. Kh8 Qe7 75. Qf6 Qd7 76. Kg8 Ke4 77. Kf8 Qc7 78. Kg8 Qd7 79. Kh8 Qc7 80. Qh6 Kf5 {Accuracy: White = 56%, Black = 67%.} 1/2-1/2